| 000 | 00901nam a2200229 i 4500 | ||
|---|---|---|---|
| 001 | 186064 | ||
| 003 | SpMaBN | ||
| 005 | 20250804072419.0 | ||
| 008 | 160906s1989 sp |||| |dspa d | ||
| 020 | _a84-206-0428-3 | ||
| 080 | _a821.134.2(7/8)-32"18"(082.2) | ||
| 245 | 0 | 0 |
_aAntología crítica del cuento hispanoamericano _b: del romanticismo al criollismo (1830-1920) / _cselección, introducción y comentarios de José Miguel Oviedo. |
| 260 |
_aMadrid : _bAlianza Editorial, _c[1989] |
||
| 300 |
_a419 p. ; _c18 cm. |
||
| 490 | 1 |
_aEl libro de bolsillo ; _v1428. _aLiteratura |
|
| 504 | _aBibliografía : p. 413-416. | ||
| 650 | 4 |
_aCuentos hispanoamericanos- _yS.XIX. _9160749 |
|
| 700 | 1 |
_aOviedo, José Miguel. _988017 |
|
| 830 | 0 | 3 |
_aEl libro de bolsillo. _pLiteratura _v1428. _9180913 |
| 852 |
_aES-MaACL _jL-30632 _z. - Donat. Miguel A. Velasco |
||
| 999 |
_c186064 _d186064 |
||